| 000 | 01167cam a22003131a 4500 | ||
|---|---|---|---|
| 001 | 23133 | ||
| 003 | BD-RjUL | ||
| 005 | 20211209000909.0 | ||
| 008 | 140310s19601937n b 001 0 eng | ||
| 035 | _a(BD-RjUL) 23198 | ||
| 035 | _a(OCoLC)2579227 | ||
| 040 |
_aDLC _cMNoW _dInU _dDLC _dBD-RjUL _beng |
||
| 041 | 1 |
_aeng _hchi |
|
| 082 |
_a895.110622 _bBOO 1960 |
||
| 245 | 1 | 4 |
_aThe book of songs / _ctranslated from the Chinese by Arthur Waley. |
| 250 | _a1st grove press ed. | ||
| 260 |
_aNew York : _bGrove, _c1960. |
||
| 300 |
_a358, [2] p. ; _c23 cm. |
||
| 500 | _a"This volume contains the translation and general notes. A supplement containing textual notes and dealing with technical questions which concern the specialist, is listed separately" -- Verso of half-title. | ||
| 500 | _a"First published in 1937. "Notes on books used": p. [348]-349. | ||
| 504 | _aIncludes index. | ||
| 510 | 4 |
_aJohns, F.A. Bibl. of Arthur Waley, _cA25 |
|
| 650 | 0 |
_aChinese poetry. _971326 |
|
| 650 | 0 |
_aChinese poetry _xTranslations into English. _971327 |
|
| 700 | 1 |
_aWaley, Arthur. _920012 |
|
| 942 |
_2ddc _cBK |
||
| 999 |
_c23133 _d23133 |
||